00329pam a2200121a 44500008004100000020002400041082001500065100002000080245005600100260003200156300001000188502000900198230405s2011 xxu||||| |||| 00| 0 eng d a9350251124cRs. 850 a618.3bGUP aGupta, Sadhana  aComprehensive Textbook of Obstetrics and Gynecology aNew DelhibJaypee Pubc2011 a663 p atext